| 000 | 01375nam a2200361 a 4500 | ||
|---|---|---|---|
| 001 | 76908 | ||
| 003 | BD-RjUL | ||
| 005 | 20211209082914.0 | ||
| 008 | 200204r19861983enka be 000 0 eng d | ||
| 020 | _a0713711469 | ||
| 035 | _a(BD-RjUL)77132 | ||
| 040 |
_aGZM _cGZM _dNCS _dBD-RjUL _beng |
||
| 041 | 1 |
_aeng _hger |
|
| 082 | 0 |
_a639.3403 _223 _bAQU 1986 |
|
| 130 | 0 |
_aLexikon der Aquaristik und Ichthyologie. _lEnglish _9238818 |
|
| 245 | 1 | 4 |
_aThe Aquarist's encyclopaedia / _c[edited by] Günther Sterba ; English editor, Dick Mills ; translated by Susan Simpson. |
| 250 | _a1st U.K. ed. | ||
| 260 |
_aPoole, Dorset : _bBlandford Press, _c1983 [Reprinted 1986] |
||
| 300 |
_a605, [2] p. : _bill. (some col.) ; _c28 cm. |
||
| 500 | _aTranslation of: Lexicon der Aquaristik und Ichthyologie. | ||
| 500 | _aAmerican ed. entitled: The aquarium encyclopedia. | ||
| 504 | _aBibliography: p. [606] | ||
| 650 | 0 |
_aAquariums _xDictionaries. _9238819 |
|
| 650 | 0 |
_aAquarium fishes _xDictionaries. _9238820 |
|
| 650 | 0 |
_aFishes _xDictionaries. _9238821 |
|
| 650 | 0 |
_aAquarium plants _xDictionaries. _9238822 |
|
| 650 | 0 |
_aAquatic animals _xDictionaries. _9238823 |
|
| 650 | 0 |
_aAquatic plants _xDictionaries. _9238824 |
|
| 700 | 1 |
_aSterba, Günther. ed. _9238825 |
|
| 700 | 1 |
_aMills, Dick, English ed. _d1936- _9238827 |
|
| 700 | 1 |
_aSimpson, Susan, tr. _9238828 |
|
| 942 |
_2ddc _cREF |
||
| 999 |
_c76908 _d76908 |
||